000 01353 a2200205 4500
001 29645
005 20260407155606.0
008 260407a1960 arg spa d
003 AR-UNSa-BCEJYS
040 _aAR-UNSa-BCEJYS
_bspa
_cAR-UNSa-BCEJYS
080 _a657.36
_xBalances de comprobación (balance estimativo). Balances de saldo. Balance intermedio
245 1 0 _aCómo analizar un balance
250 _a2a. ed
264 1 _aBuenos Aires :
_bSelección Contable
_c1960
300 _a166 p.
_c24 cm.
505 _aParte 1: Nociones indispensables para el estudio del análisi de balances - 1. Generalidades sobre el análisis de balances - 2. El balance - 3. El capital de las empresas - 4. Valores activos del capital - 5. Valores pasivos del capital - Parte 2: Análisis del balance por cocientes - 6. Cociente de liquidez - 7. Cociente relativo de participación de capitales ( Parte del pasivo) - 8. Cociente absoluto de participación de capitales ( Parte del pasivo)- 9. Deudas de finaciación y capital líquido de operaciones - 10. Capital fijo y capital propio - 11. Ventas líquidas y stocks - 12. Stocks y capital líquido de las operaciones - 13. Ventas líquidas y capital propio - 14. Ventas líquidas y capital líquido de operaciones
942 _cBK
590 _aniveau_biblio:m niveau_hierar:0
100 1 _aLópes de Sa, Antonio
999 _c1924
_d1924